000 00868nam a22002057a 4500
999 _c9491
_d9491
003 AR-CdUCM
008 190328b ||||| |||| 00| 0 spa d
040 _aMUNICIPALIDAD PROVINCIAL DEL CUSCO
_cBIBLIOTECA MUNICIPAL DEL CUSCO
082 _a330.1 /
_bF89
100 _aFuentes Irurozqui. Manuel
_925718
245 _aEtapas del Proteccionismo :
_bDel Nacionalismo del List al Nuevo Orden Económico /
260 _aMadrid :
_bEdiciones Veritas ;
_c1943.
300 _a313 páginas ;
_bDiagramas, fórmulas
_c20cm
505 _aContenido: La economía nacional de List -- Las aduanas y la protección -- Las primas como elemento de protección --Monopolios en el comercio intenacional -- Los grandes espacios económicos...
650 _aEconomía
_9382
650 _aProteccionismo
_925719
650 _aNacionalismo
_92901
942 _2ddc
_cLIBROS
945 _anom